<?xml version="1.0" encoding="UTF-8"?>
<record
    xmlns:xsi="http://www.w3.org/2001/XMLSchema-instance"
    xsi:schemaLocation="http://www.loc.gov/MARC21/slim http://www.loc.gov/standards/marcxml/schema/MARC21slim.xsd"
    xmlns="http://www.loc.gov/MARC21/slim">

  <leader>01129nam0a22002531  4500</leader>
  <controlfield tag="001">rc\2785989</controlfield>
  <controlfield tag="005">20260407082445.0</controlfield>
  <datafield tag="035" ind1=" " ind2=" ">
    <subfield code="a">(NLR Aleph) 006912182</subfield>
  </datafield>
  <datafield tag="090" ind1=" " ind2=" ">
    <subfield code="a">7358858</subfield>
    <subfield code="c">7358858</subfield>
  </datafield>
  <datafield tag="100" ind1=" " ind2=" ">
    <subfield code="a">20110915d1935    |||y0rusy50      ca</subfield>
  </datafield>
  <datafield tag="101" ind1="0" ind2=" ">
    <subfield code="a">rus</subfield>
  </datafield>
  <datafield tag="102" ind1=" " ind2=" ">
    <subfield code="a">RU</subfield>
  </datafield>
  <datafield tag="105" ind1=" " ind2=" ">
    <subfield code="a">c   z   |||||</subfield>
  </datafield>
  <datafield tag="200" ind1="1" ind2=" ">
    <subfield code="a">&#x41B;&#x435;&#x434;&#x438; &#x41C;&#x430;&#x43A;&#x431;&#x435;&#x442; &#x41C;&#x446;&#x435;&#x43D;&#x441;&#x43A;&#x43E;&#x433;&#x43E; &#x443;&#x435;&#x437;&#x434;&#x430;</subfield>
    <subfield code="e">&#x41E;&#x43F;&#x435;&#x440;&#x430; &#x432; 8 &#x43A;&#x430;&#x440;&#x442;.</subfield>
    <subfield code="e">[&#x421;&#x442;&#x430;&#x442;&#x44C;&#x44F; &#x43A;&#x43E;&#x43C;&#x43F;&#x43E;&#x437;&#x438;&#x442;&#x43E;&#x440;&#x430; &#x438; &#x43B;&#x438;&#x431;&#x440;&#x435;&#x442;&#x442;&#x43E;]</subfield>
    <subfield code="f">&#x41C;&#x443;&#x437;&#x44B;&#x43A;&#x430; &#x414;&#x43C;. &#x428;&#x43E;&#x441;&#x442;&#x430;&#x43A;&#x43E;&#x432;&#x438;&#x447;&#x430;</subfield>
    <subfield code="g">&#x41B;&#x438;&#x431;&#x440;&#x435;&#x442;&#x442;&#x43E; &#x43F;&#x43E; &#x41D;. &#x41B;&#x435;&#x441;&#x43A;&#x43E;&#x432;&#x443;, &#x410;. &#x41F;&#x440;&#x435;&#x439;&#x441;&#x430; &#x438; &#x414;&#x43C;. &#x428;&#x43E;&#x441;&#x442;&#x430;&#x43A;&#x43E;&#x432;&#x438;&#x447;&#x430;</subfield>
  </datafield>
  <datafield tag="210" ind1=" " ind2=" ">
    <subfield code="a">[&#x41C;&#x43E;&#x441;&#x43A;&#x432;&#x430;]</subfield>
    <subfield code="c">&#x413;&#x43E;&#x441;. &#x430;&#x43A;&#x430;&#x434;&#x435;&#x43C;&#x438;&#x447;. &#x431;&#x43E;&#x43B;&#x44C;&#x448;&#x43E;&#x439; &#x442;&#x435;&#x430;&#x442;&#x440; &#x421;&#x421;&#x421;&#x420;</subfield>
    <subfield code="d">1935</subfield>
    <subfield code="g">&#x422;&#x438;&#x43F;. &#x412;&#x41A;&#x418;&#x416;</subfield>
  </datafield>
  <datafield tag="215" ind1=" " ind2=" ">
    <subfield code="a">&#x41E;&#x431;&#x43B;., 41, [2] &#x441;., [4] &#x43E;&#x442;&#x434;. &#x43B;. &#x43F;&#x440;&#x43E;&#x433;&#x440;&#x430;&#x43C;&#x43C;&#x44B;</subfield>
    <subfield code="c">&#x43F;&#x43E;&#x440;&#x442;&#x440;.</subfield>
    <subfield code="d">14&#x445;10 &#x441;&#x43C;.</subfield>
  </datafield>
  <datafield tag="300" ind1=" " ind2=" ">
    <subfield code="a">&#x41E;&#x431;&#x43B;.: &#x410;. &#x410;. &#x421;&#x443;&#x432;&#x43E;&#x440;&#x43E;&#x432;</subfield>
  </datafield>
  <datafield tag="702" ind1=" " ind2="1">
    <subfield code="a">&#x428;&#x43E;&#x441;&#x442;&#x430;&#x43A;&#x43E;&#x432;&#x438;&#x447;</subfield>
    <subfield code="b">&#x414;.&#x414;.</subfield>
    <subfield code="g">&#x414;&#x43C;&#x438;&#x442;&#x440;&#x438;&#x439; &#x414;&#x43C;&#x438;&#x442;&#x440;&#x438;&#x435;&#x432;&#x438;&#x447;</subfield>
    <subfield code="4">230</subfield>
  </datafield>
  <datafield tag="710" ind1="0" ind2="2">
    <subfield code="a">&#x411;&#x43E;&#x43B;&#x44C;&#x448;&#x43E;&#x439; &#x442;&#x435;&#x430;&#x442;&#x440; &#x421;&#x421;&#x421;&#x420;</subfield>
    <subfield code="3">RU\NLR\AUTH\888351</subfield>
    <subfield code="9">289118</subfield>
  </datafield>
  <datafield tag="801" ind1=" " ind2="0">
    <subfield code="a">RU</subfield>
    <subfield code="b">NLR</subfield>
    <subfield code="g">psbo</subfield>
  </datafield>
  <datafield tag="801" ind1=" " ind2="1">
    <subfield code="a">RU</subfield>
    <subfield code="b">ELAR</subfield>
    <subfield code="2">rusmarc</subfield>
  </datafield>
  <datafield tag="852" ind1=" " ind2=" ">
    <subfield code="a">NLR</subfield>
    <subfield code="j">35-8/1689</subfield>
  </datafield>
  <datafield tag="942" ind1=" " ind2=" ">
    <subfield code="c">BOOK</subfield>
  </datafield>
  <datafield tag="980" ind1=" " ind2=" ">
    <subfield code="a">NB</subfield>
  </datafield>
  <datafield tag="995" ind1=" " ind2=" ">
    <subfield code="5">2013-10-26</subfield>
    <subfield code="b">NLR02</subfield>
    <subfield code="c">NLR02</subfield>
    <subfield code="e">RFS</subfield>
    <subfield code="f">6912182-10</subfield>
    <subfield code="k">35-8/1689</subfield>
    <subfield code="o">0</subfield>
    <subfield code="r">BOOK</subfield>
    <subfield code="s">3581689_</subfield>
  </datafield>
</record>
